000 00627nam a22001695i 4500
001 164765
003 ES-MaACL
005 20230906213011.0
008 960612q19001950sp |||| | spa d
040 _aCLM
_bspa
_cCLM
100 1 _aSantoval, Domingo de.
_9103542
245 1 4 _aLos manchegos en el Polo norte
_b: novela festiva original /
_cpor Domingo de Santoval.
260 _aMadrid :
_bManini Hermanos,
_c[s.a.] (
_fImprenta de LarxØ e hijos)
300 _a238 ;
_c18 cm.
595 1 _aPor la tipografía parece de la 1a. mitad del S. XX.
852 _aES-MaACL
_jD-2460
_z-- Rúst.
_x-- Edic.: corregir el imp.: Larxé
999 _c164765
_d164765